| 000 | 00451nam a22001817a 4500 | ||
|---|---|---|---|
| 003 | NUST - PNEC | ||
| 005 | 20170116180807.0 | ||
| 008 | 150423b xxu||||| |||| 00| 0 eng d | ||
| 020 | _a- | ||
| 040 | _cLIBRARY | ||
| 082 | _a301 SIB | ||
| 100 |
_93100 _aSibte Hassan |
||
| 245 |
_aMosa se marks tak _cSibte Hassan |
||
| 260 |
_aKarachi ; _bMaktab e Daniyal ; _cc2014. |
||
| 300 | _a444 p. : | ||
| 650 |
_93097 _aHistory _xGeneral |
||
| 942 |
_2ddc _cBK |
||
| 999 |
_c63248 _d63248 |
||